00982 2200337 4500001002100000005001500021035002000036007000300056040001700059100002900076245009400105250001000199300004100209020001800250041000800268082000800276084001400284090002200298264004900320336002100369337003000390338002300420650002200443850001000465008004100475700003700516504002200553990002300575990002300598990002300621INLIS00000000000923920260423083226 a0010-1122000198ta aSBPUPADbind0 aRosihan AnwarePengarang1 aSejarah Kecil Petitie Histoire Indonesia /cRosihan Anwar; editor, Koesalah Soebagyo Toer acet.2 ax, 318 hlm :bilus. ;c14 cm x 21 cm a979-709-141-407aind a902 a902 ROS s a920.71 MAR i 25-9 aJakarta :bPT.Kompas Media Nusantara,c2005. 2rdacontentateks 2rdamediaatanpa perantara 2rdacarrieravolume 4aSejarah Indonesia aPUPAD260423 0 0 aeditor ke2, P.CahanarePengarang aDaftar isi, hlm v a13364/BR-KAPD/2010 a13362/BR-KAPD/2010 a13363/BR-KAPD/2010